On the Empirics of Capital Accumulation and Economic Growth

Gespeichert in:
Bibliographische Detailangaben
1. Verfasser: Grundlach, Erich
Format: Buch
Sprache:Englisch
Veröffentlicht: Kiel Institut für Weltwirtschaft 1993
Schriftenreihe:Kiel Working Paper No.577
Schlagworte:
Tags: Tag hinzufügen
Keine Tags, Fügen Sie das erste Tag hinzu!

MARC

LEADER 00000nam a2200000 4500
001 c005226
005 20250521093024.4
041 0 |a eng 
044 |a DE 
245 1 0 |a On the Empirics of Capital Accumulation and Economic Growth  |c Erich Grundlach 
264 1 |a Kiel  |b Institut für Weltwirtschaft  |c 1993 
300 |a 22 s. 
490 1 |a Kiel Working Paper  |v No.577 
830 0 |a Kiel Working Paper  |v No.577 
610 2 0 |a akumulácia kapitálu 
610 2 0 |a vývoj hospodársky 
610 2 0 |a modely ekonomické 
100 1 |a Grundlach, Erich